000 00489 a2200169 4500
005 20250527133836.0
020 _a0-07-252523-1
082 _a658.8 PER
100 _aPERREAULT, W. D.
245 _aBasic Marketing : A Global-Managerial Approch.
250 _a25th Ed
260 _aNew York,
_bMcGraw-Hill,
_c2005.
300 _axli, 837p.: picture
_bGlossary & Index
_c28cm.
700 _aMcCARTHY, E. J.
856 _yAccess Online Book
_fBasic Marketing
_dwww.mhhe.com
942 _2ddc
_cBKS
999 _c2742
_d2742